logo

Bir Sreshtho Munshi Abdur Rouf Library
Jhenaidah Cadet College

Justin / (Record no. 1901)

MARC details
000 -LEADER
fixed length control field 00550nam a2200229 a 4500
001 - CONTROL NUMBER
JCCL Control Number 1901
003 - CONTROL NUMBER IDENTIFIER
JCCL marc code BD-JhCC
005 - DATE AND TIME OF LATEST TRANSACTION
control field 20171026103909.0
008 - FIXED-LENGTH DATA ELEMENTS--GENERAL INFORMATION
fixed length control field 171026s2000 n a|||| ||a| 000 0 eng d
020 ## - INTERNATIONAL STANDARD BOOK NUMBER
International Standard Book Number 0439222249
035 ## - SYSTEM CONTROL NUMBER
system control number (BD-JhCC) 1901
040 ## - CATALOGING SOURCE
Original cataloging agency BD-JhCC
Modifying agency BD-JhCC
041 ## - LANGUAGE CODE
Language code of Book eng
082 ## - DEWEY DECIMAL CLASSIFICATION NUMBER
Classification number 782.4216
Author mark and Year JOH 2000
100 ## - MAIN ENTRY--PERSONAL NAME
Personal name Johns, Michel Anne
245 ## - TITLE STATEMENT
Title Justin /
Statement of responsibility, etc Michael-Anne Johns
260 ## - PUBLICATION, DISTRIBUTION, ETC. (IMPRINT)
Place of publication, distribution, etc Newyork :
Name of publisher, distributor, etc Scholstic Inc ,
Date of publication, distribution, etc 2000
300 ## - PHYSICAL DESCRIPTION
Pagination 76 p .:
Dimensions 18 cm .
650 ## - SUBJECT ADDED ENTRY--TOPICAL TERM
Topical term or geographic name as entry element N sync
942 ## - ADDED ENTRY ELEMENTS (KOHA)
Source of classification or shelving scheme Dewey Decimal Classification
Koha item type Books
Holdings
Source of classification or shelving scheme Damaged status Not for loan Home library Current library Shelving location Date of accession Total Checkouts Full call number Barcode Date last seen Copy number Koha item type
Dewey Decimal Classification     JCC Rouf Library JCC Rouf Library General Stacks 10/26/2017   782.4216 JOH 2000 3340 10/26/2017 C-1 Books

JCC Library | Contacts | JCC Home

Last Update on 23 September 2017
Copyright @ 2017-2020 JCC Rouf Library
Rouf Library, Jhenidah Cadet College (JCC), Bangladesh